<?xml version="1.0" encoding="UTF-8"?>
<record
    xmlns:xsi="http://www.w3.org/2001/XMLSchema-instance"
    xsi:schemaLocation="http://www.loc.gov/MARC21/slim http://www.loc.gov/standards/marcxml/schema/MARC21slim.xsd"
    xmlns="http://www.loc.gov/MARC21/slim">

  <leader>01644nam a22003257a 4500</leader>
  <datafield tag="999" ind1=" " ind2=" ">
    <subfield code="c">23482</subfield>
    <subfield code="d">23482</subfield>
  </datafield>
  <controlfield tag="003">AR-CdUCM</controlfield>
  <controlfield tag="008">260122b2024    pe ||||| |||| 00| 0 spa d</controlfield>
  <datafield tag="020" ind1=" " ind2=" ">
    <subfield code="a">978-612-03-0207-1</subfield>
  </datafield>
  <datafield tag="040" ind1=" " ind2=" ">
    <subfield code="a">MUNICIPALIDAD PROVINCIAL DEL CUSCO</subfield>
    <subfield code="c">BIBLIOTECA MUNICIPAL DEL CUSCO</subfield>
  </datafield>
  <datafield tag="082" ind1=" " ind2=" ">
    <subfield code="a">985.61 /</subfield>
    <subfield code="b">N94</subfield>
  </datafield>
  <datafield tag="100" ind1=" " ind2=" ">
    <subfield code="a">N&#xFA;&#xF1;ez del Prado Morvely, Karen Mabel</subfield>
  </datafield>
  <datafield tag="245" ind1=" " ind2=" ">
    <subfield code="a">La Sal un Recurso Vital en las Relaciones de Poder /</subfield>
  </datafield>
  <datafield tag="260" ind1=" " ind2=" ">
    <subfield code="a">Cusco :</subfield>
    <subfield code="b">Karen Mabel Nu&#xF1;ez del Prado,</subfield>
    <subfield code="c">2024</subfield>
  </datafield>
  <datafield tag="300" ind1=" " ind2=" ">
    <subfield code="a">215 p&#xE1;ginas. :</subfield>
    <subfield code="c">15 x 21 cm.</subfield>
  </datafield>
  <datafield tag="500" ind1=" " ind2=" ">
    <subfield code="z">p&#xE1;ginas 208 - 212</subfield>
  </datafield>
  <datafield tag="505" ind1=" " ind2=" ">
    <subfield code="a">contenido: Cap&#xED;tulo I. Aspectos Generales -- V&#xED;as de acceso a la zona -- L&#xED;mites -- Poblaci&#xF3;n -- Orograf&#xED;a del Distrito -- Cap&#xED;tulo II. La sal y su importancia -- &#xD3;rdenes Eclesi&#xE1;sticas -- Las Salinas en el Antiguo Per&#xFA; -- Cap&#xED;tulo III. Composici&#xF3;n f&#xED;sica de la sal -- Las evaporitas -- Envasado almacenamiento -- Sistema Hidr&#xE1;ulico -- Cap&#xED;tulo IV. Etimolog&#xED;a y Toponimia de la palabra cachi -- Marcavalle y Chanapata -- El poder de los Ayllus -- Cap&#xED;tulo V. Extensi&#xF3;n territorial -- La Mina de Potos&#xED; -- Cap&#xED;tulo VI. Los Yacimientos -- La creaci&#xF3;n del Estado....</subfield>
  </datafield>
  <datafield tag="650" ind1=" " ind2=" ">
    <subfield code="a">Ubicaci&#xF3;n</subfield>
    <subfield code="9">49438</subfield>
  </datafield>
  <datafield tag="650" ind1=" " ind2=" ">
    <subfield code="a">V&#xED;as de acceso a la zona</subfield>
    <subfield code="9">52124</subfield>
  </datafield>
  <datafield tag="650" ind1=" " ind2=" ">
    <subfield code="a">Hidrograf&#xED;a</subfield>
    <subfield code="9">6357</subfield>
  </datafield>
  <datafield tag="650" ind1=" " ind2=" ">
    <subfield code="a">Leyes del derecho</subfield>
    <subfield code="9">52125</subfield>
  </datafield>
  <datafield tag="650" ind1=" " ind2=" ">
    <subfield code="a">Obtenci&#xF3;n de la sal</subfield>
    <subfield code="9">52126</subfield>
  </datafield>
  <datafield tag="650" ind1=" " ind2=" ">
    <subfield code="a">Creaci&#xF3;n del estanco</subfield>
    <subfield code="9">52127</subfield>
  </datafield>
  <datafield tag="650" ind1=" " ind2=" ">
    <subfield code="a">Las Salinas</subfield>
    <subfield code="9">52128</subfield>
  </datafield>
  <datafield tag="650" ind1=" " ind2=" ">
    <subfield code="a">Preparaci&#xF3;n de pozas</subfield>
    <subfield code="9">52129</subfield>
  </datafield>
  <datafield tag="650" ind1=" " ind2=" ">
    <subfield code="a">Sistema Hidr&#xE1;ulico</subfield>
    <subfield code="9">52130</subfield>
  </datafield>
  <datafield tag="650" ind1=" " ind2=" ">
    <subfield code="a">Guerras de expansi&#xF3;n</subfield>
    <subfield code="9">52131</subfield>
  </datafield>
  <datafield tag="942" ind1=" " ind2=" ">
    <subfield code="2">ddc</subfield>
    <subfield code="c">LIBROS</subfield>
  </datafield>
  <datafield tag="945" ind1=" " ind2=" ">
    <subfield code="a">jmcs</subfield>
    <subfield code="d">22/01/2026</subfield>
  </datafield>
  <datafield tag="952" ind1=" " ind2=" ">
    <subfield code="0">0</subfield>
    <subfield code="2">ddc</subfield>
    <subfield code="4">0</subfield>
    <subfield code="7">0</subfield>
    <subfield code="a">SH</subfield>
    <subfield code="b">SH</subfield>
    <subfield code="c">CART</subfield>
    <subfield code="d">2026-01-22</subfield>
    <subfield code="e">Donaci&#xF3;n</subfield>
    <subfield code="g">15.00</subfield>
    <subfield code="o">985.61 / N94</subfield>
    <subfield code="p">SH0000017047</subfield>
    <subfield code="r">2026-01-22</subfield>
    <subfield code="y">LIBROS</subfield>
  </datafield>
</record>
